[Event "Oberliga Sued W 1011"]
[Site "Germany"]
[Date "2011.01.16"]
[Round "5.1"]
[White "Beckemeier, Werner"]
[Black "Nesterov, Evgenij"]
[Result "1/2-1/2"]
[WhiteElo "2346"]
[BlackElo "2182"]
[PlyCount "43"]
[EventDate "2010.10.10"]
[EventType "team-tourn"]
[EventRounds "9"]
[EventCountry "GER"]
[SourceTitle "EXT 2012"]
[Source "ChessBase"]
[SourceDate "2011.11.24"]
[SourceVersion "1"]
[SourceVersionDate "2011.11.24"]
[SourceQuality "1"]
[WhiteTeam "Saarbruecken Gambit"]
[BlackTeam "Heidesheim"]
[WhiteTeamCountry "GER"]
[BlackTeamCountry "GER"]

1. e4 e5 2. Nf3 Nc6 3. d4 exd4 4. Nxd4 Bb4+ 5. Nc3 Nf6 6. Nxc6 bxc6 7. Bd3 d5 8. exd5 Qe7+ 9. Qe2 Nxd5 10. Qxe7+ Kxe7 11. a3 Bd6 12. Ne2 Be5 13. 0-0 Re8 14. c4 Ba6 15. Rb1 Rad8 16. Rd1 Nf6 17. Be3 Rxd3 18. Rxd3 Bxc4 19. Bc5+ Ke6 20. Re3 Ng4 21. Re4 Bd3 22. Rxg4 1/2-1/2

[Event "Oberliga Sued W 0708"]
[Site "Germany"]
[Date "2008.01.20"]
[Round "5.2"]
[White "Kiefer, Daniel"]
[Black "Beckemeier, Werner"]
[Result "0-1"]
[WhiteElo "2268"]
[BlackElo "2360"]
[PlyCount "62"]
[EventDate "2007.10.21"]
[EventType "team-tourn"]
[EventRounds "9"]
[EventCountry "GER"]
[SourceTitle "EXT 2009"]
[Source "ChessBase"]
[SourceDate "2008.11.26"]
[SourceVersion "1"]
[SourceVersionDate "2008.11.26"]
[SourceQuality "1"]
[WhiteTeam "Mainz"]
[BlackTeam "Saarbruecken Gambit"]
[WhiteTeamCountry "GER"]
[BlackTeamCountry "GER"]

1. d4 Nf6 2. Nc3 d5 3. Bg5 Nbd7 4. Qd2 h6 5. Bf4 c6 6. f3 b5 7. a3 e6 8. e4 b4 9. axb4 Bxb4 10. e5 Ng8 11. Be3 Ne7 12. Bd3 c5 13. f4 cxd4 14. Bxd4 Nc6 15. Bb5 Nxd4 16. Qxd4 a5 17. Nge2 0-0 18. 0-0-0 Ba6 19. Bxa6 Rxa6 20. Rhf1 Rc6 21. f5 Qg5+ 22. Kb1 Rc4 23. Qa7 Nxe5 24. fxe6 fxe6 25. Rxf8+ Bxf8 26. Rf1 Bb4 27. Nd4 Qxg2 28. Re1 Rxd4 29. Qb8+ Kh7 30. Qxe5 Bxc3 31. Qxe6 Bxe1 0-1

[Event "BL2-West 0506"]
[Site "Germany"]
[Date "2005.12.11"]
[Round "4.7"]
[White "Buscher, Michael"]
[Black "Beckemeier, Werner"]
[Result "1-0"]
[WhiteElo "2314"]
[BlackElo "2374"]
[PlyCount "81"]
[EventDate "2005.10.23"]
[EventType "team-tourn"]
[EventRounds "9"]
[EventCountry "GER"]
[SourceTitle "EXT 2007"]
[Source "ChessBase"]
[SourceDate "2006.11.23"]
[SourceVersion "1"]
[SourceVersionDate "2006.11.23"]
[SourceQuality "1"]
[WhiteTeam "Bergheim"]
[BlackTeam "Emsdetten Turm"]
[WhiteTeamCountry "GER"]
[BlackTeamCountry "GER"]

1. e4 e5 2. Nf3 Nc6 3. Bb5 Nf6 4. 0-0 Nxe4 5. d4 Be7 6. Qe2 Nd6 7. Bxc6 bxc6 8. dxe5 Nb7 9. g3 0-0 10. b3 d5 11. Rd1 Nc5 12. c4 Ne6 13. Be3 Bb7 14. Nc3 Qd7 15. Rac1 Rfd8 16. Qc2 Qe8 17. Na4 h6 18. Qc3 a5 19. cxd5 cxd5 20. Nd4 Ba3 21. Nxe6 Qxe6 22. Nc5 Bxc5 23. Bxc5 a4 24. Bd4 axb3 25. axb3 Rdc8 26. Qb4 Ba6 27. Rc5 c6 28. Qc3 Bb5 29. Rc1 Re8 30. Qc2 Qg6 31. f4 Qxc2 32. R5xc2 Ra3 33. Rc3 g6 34. f5 Kh7 35. fxg6+ fxg6 36. Rf3 Rf8 37. Rf6 Rxf6 38. exf6 Ra8 39. Re1 Kg8 40. Re7 c5 41. f7+ 1-0

[Event "Regionalliga NO 0304"]
[Site "Bayern"]
[Date "2004.04.25"]
[Round "9.2"]
[White "Beckemeier, Werner"]
[Black "Grabert, Ralf"]
[Result "0-1"]
[WhiteElo "2030"]
[BlackElo "2177"]
[PlyCount "46"]
[EventDate "2003.10.??"]
[EventType "team-tourn"]
[EventRounds "9"]
[EventCountry "GER"]
[SourceTitle "EXT 2006"]
[Source "ChessBase"]
[SourceDate "2005.11.24"]
[SourceVersion "1"]
[SourceVersionDate "2005.11.24"]
[SourceQuality "1"]
[WhiteTeam "Kareth Lappersdorf"]
[BlackTeam "Regensburg Eulenspiegel"]
[WhiteTeamCountry "GER"]
[BlackTeamCountry "GER"]

1. e4 e6 2. d4 c5 3. Nf3 cxd4 4. Nxd4 Nc6 5. Be3 a6 6. Nd2 Qc7 7. Be2 Nf6 8. g4 d5 9. c3 h6 10. Qc2 Nxd4 11. Bxd4 e5 12. Bxe5 Qxe5 13. 0-0-0 Bc5 14. exd5 0-0 15. Bf3 Qf4 16. h3 Bd7 17. Kb1 Rfe8 18. Rdf1 Re5 19. Qd3 Rd8 20. Nb3 Bb5 21. Qd1 Bxf1 22. Nxc5 Rexd5 23. Bxd5 Rxd5 0-1

[Event "Oberliga Nord W 0304"]
[Site "Germany"]
[Date "2004.03.07"]
[Round "7.1"]
[White "Izrailev, Alexander"]
[Black "Beckemeier, Werner"]
[Result "1/2-1/2"]
[WhiteElo "2234"]
[BlackElo "2393"]
[PlyCount "46"]
[EventDate "2003.10.12"]
[EventType "team-tourn"]
[EventRounds "9"]
[EventCountry "GER"]
[SourceTitle "EXT 2005"]
[Source "ChessBase"]
[SourceDate "2004.11.15"]
[SourceVersion "1"]
[SourceVersionDate "2004.11.15"]
[SourceQuality "1"]
[WhiteTeam "Hannover PSC"]
[BlackTeam "Delmenhorst"]
[WhiteTeamCountry "GER"]
[BlackTeamCountry "GER"]

1. e4 e5 2. Nf3 Nc6 3. Bb5 Bc5 4. 0-0 d6 5. c3 Bd7 6. d4 Bb6 7. Na3 Nf6 8. Nc4 Nxe4 9. Nxb6 axb6 10. Re1 f5 11. Bxc6 Bxc6 12. dxe5 dxe5 13. Nxe5 Qxd1 14. Rxd1 0-0 15. Nxc6 bxc6 16. Bf4 Rf7 17. f3 Nc5 18. Be3 Ne6 19. Rd2 Rff8 20. a4 Rfd8 21. Rxd8+ Rxd8 22. f4 Kf7 23. Kf2 h6 1/2-1/2

[Event "Regionalliga NO 0304"]
[Site "Bayern"]
[Date "2004.02.15"]
[Round "6.2"]
[White "Kirschbaum, Heinrich"]
[Black "Beckemeier, Werner"]
[Result "1/2-1/2"]
[WhiteElo "2088"]
[BlackElo "2030"]
[PlyCount "119"]
[EventDate "2003.10.??"]
[EventType "team-tourn"]
[EventRounds "9"]
[EventCountry "GER"]
[SourceTitle "EXT 2006"]
[Source "ChessBase"]
[SourceDate "2005.11.24"]
[SourceVersion "1"]
[SourceVersionDate "2005.11.24"]
[SourceQuality "1"]
[WhiteTeam "Regensburg Fortuna III"]
[BlackTeam "Kareth Lappersdorf"]
[WhiteTeamCountry "GER"]
[BlackTeamCountry "GER"]

1. Nf3 f5 2. g3 Nf6 3. Bg2 g6 4. 0-0 Bg7 5. d3 Nc6 6. c4 d6 7. Nc3 0-0 8. Rb1 a5 9. a3 e5 10. b4 axb4 11. axb4 h6 12. b5 Ne7 13. Bb2 g5 14. Ra1 Rxa1 15. Qxa1 f4 16. Ne1 fxg3 17. hxg3 Nf5 18. Qa7 b6 19. Nd5 Nxd5 20. Bxd5+ Kh8 21. Bg2 Be6 22. Nc2 Qd7 23. e4 Ne7 24. Ne3 Ng6 25. Nd5 Bxd5 26. exd5 Ne7 27. Qa1 Nf5 28. Qd1 Qf7 29. Qg4 h5 30. Qe2 g4 31. Be4 Kg8 32. Bg2 Bh6 33. d4 exd4 34. Qe6 Re8 35. Qxf7+ Kxf7 36. Rd1 Bg7 37. Kf1 Kg6 38. Bc1 h4 39. gxh4 Nxh4 40. Bb2 Nf5 41. Re1 Rxe1+ 42. Kxe1 Kf6 43. Kd2 Ke5 44. Kd3 Bf6 45. Be4 Bh4 46. Bxf5 Kxf5 47. Bxd4 Kf4 48. Ke2 Ke4 49. Bc3 Bg5 50. Bg7 Bf4 51. Bf6 Be5 52. Bd8 Kd4 53. Bxc7 Kxc4 54. Bxb6 Kxb5 55. Be3 Kc4 56. f3 g3 57. f4 Bd4 58. Bxd4 Kxd4 59. Kf3 Kxd5 60. Kxg3 1/2-1/2

[Event "Regionalliga NO 0304"]
[Site "Bayern"]
[Date "2003.11.02"]
[Round "2.2"]
[White "Wippich, Markus"]
[Black "Beckemeier, Werner"]
[Result "1-0"]
[WhiteElo "2057"]
[BlackElo "2030"]
[PlyCount "99"]
[EventDate "2003.10.??"]
[EventType "team-tourn"]
[EventRounds "9"]
[EventCountry "GER"]
[SourceTitle "EXT 2006"]
[Source "ChessBase"]
[SourceDate "2005.11.24"]
[SourceVersion "1"]
[SourceVersionDate "2005.11.24"]
[SourceQuality "1"]
[WhiteTeam "Regensburg Bavaria"]
[BlackTeam "Kareth Lappersdorf"]
[WhiteTeamCountry "GER"]
[BlackTeamCountry "GER"]

1. d4 Nf6 2. Nf3 g6 3. c4 Bg7 4. Nc3 c5 5. d5 d6 6. g3 Bf5 7. Bg2 0-0 8. 0-0 Na6 9. Nd2 Qc8 10. Re1 Nb4 11. e4 Bh3 12. Bh1 Nd3 13. Re3 Nxf2 14. Kxf2 Ng4+ 15. Ke2 Nxe3 16. Kxe3 f5 17. Kd3 fxe4+ 18. Bxe4 Rf2 19. Qg1 Bd4 20. Qh1 Qf8 21. Nd1 Rf7 22. Nf3 Qg7 23. Nc3 Raf8 24. Bf4 h6 25. Re1 Bg4 26. Nxd4 Qxd4+ 27. Kc2 g5 28. Be3 Qxc4 29. Qg2 b5 30. Bd3 Bf5 31. Bxf5 Rxf5 32. b3 Qb4 33. Re2 a5 34. Bd2 Rf3 35. Qh3 R8f6 36. Rxe7 Qd4 37. Qc8+ Rf8 38. Qe6+ R8f7 39. Rxf7 Rxf7 40. Qxh6 b4 41. Qxg5+ Kf8 42. Qd8+ Kg7 43. Qg5+ Kf8 44. Qh6+ Ke8 45. Qe6+ Re7 46. Qc8+ Kf7 47. Qf5+ Ke8 48. Nb5 Qe5 49. Qxe5 Rxe5 50. Nxd6+ 1-0

[Event "Oberliga Nord W 0203"]
[Site "Germany"]
[Date "2002.12.15"]
[Round "3.1"]
[White "Geveke, Michael"]
[Black "Beckemeier, Werner"]
[Result "0-1"]
[WhiteElo "2285"]
[BlackElo "2395"]
[PlyCount "68"]
[EventDate "2002.10.20"]
[EventType "team"]
[EventRounds "9"]
[EventCountry "GER"]
[SourceTitle "EXT 2004"]
[Source "ChessBase"]
[SourceDate "2003.11.25"]
[SourceVersion "1"]
[SourceVersionDate "2003.11.25"]
[SourceQuality "1"]
[WhiteTeam "Hannover SF"]
[BlackTeam "Delmenhorst"]
[WhiteTeamCountry "GER"]
[BlackTeamCountry "GER"]

1. Nf3 Nf6 2. g3 b5 3. Bg2 Bb7 4. d3 e6 5. Nbd2 Be7 6. 0-0 c5 7. e4 d6 8. Re1 Nbd7 9. c3 Ne5 10. Qe2 0-0 11. Nxe5 dxe5 12. Nf3 Qc7 13. Bg5 Rfd8 14. a4 b4 15. c4 Qd6 16. Bxf6 Bxf6 17. Bf1 g6 18. Nd2 Bg7 19. Nb3 Rac8 20. Red1 Rc7 21. Bg2 h5 22. g4 hxg4 23. Qxg4 Qe7 24. h4 Qf6 25. h5 Qf4 26. Qh3 g5 27. Bf3 f5 28. h6 Bf8 29. Qh5 Kh7 30. exf5 Qxf3 31. Qg6+ Kh8 32. Qf6+ Kg8 33. Qxe6+ Rf7 34. h7+ Kh8 0-1

[Event "BL2-Nord 0001"]
[Site "Germany"]
[Date "2001.04.01"]
[Round "8.2"]
[White "Zierke, Oliver"]
[Black "Beckemeier, Werner"]
[Result "1-0"]
[WhiteElo "2297"]
[BlackElo "2393"]
[PlyCount "100"]
[EventDate "2000.10.15"]
[EventType "team-tourn"]
[EventRounds "9"]
[EventCountry "GER"]
[SourceTitle "CBM 082 Extra"]
[Source "ChessBase"]
[SourceDate "2001.07.03"]
[SourceVersion "1"]
[SourceVersionDate "2001.07.03"]
[SourceQuality "1"]
[WhiteTeam "Koenig Tegel II"]
[BlackTeam "Delmenhorst"]
[WhiteTeamCountry "GER"]
[BlackTeamCountry "GER"]

1. d4 Nf6 2. Nf3 e6 3. Bg5 c5 4. e3 h6 5. Bh4 Be7 6. Bd3 b6 7. 0-0 0-0 8. c4 cxd4 9. exd4 d5 10. Nc3 dxc4 11. Bxc4 Bb7 12. Re1 Nc6 13. a3 Na5 14. Ba2 Bxf3 15. gxf3 Rc8 16. Qd3 Nh5 17. Bg3 Qd7 18. Rad1 Rfd8 19. d5 Nf6 20. Qe2 e5 21. Bxe5 Nb7 22. Nb5 Nd6 23. Nxd6 Bxd6 24. Qd3 Re8 25. f4 Ng4 26. Bb1 g6 27. Bxd6 Qxd6 28. Qd4 Rxe1+ 29. Rxe1 Nf6 30. Ba2 Rc7 31. Bb3 Rc5 32. Rd1 Qd7 33. Qxf6 Qg4+ 34. Kf1 Qh3+ 35. Kg1 Qg4+ 36. Kf1 Qh3+ 37. Ke1 Qxb3 38. d6 Rd5 39. Rxd5 Qxd5 40. Qe7 Qh1+ 41. Ke2 Qc6 42. d7 Qc4+ 43. Ke3 Qc1+ 44. Kd3 Qf1+ 45. Kc3 Qc1+ 46. Kb3 Qd1+ 47. Kc4 b5+ 48. Kc5 Qc1+ 49. Kd6 Qxf4+ 50. Qe5 Qd2+ 1-0

[Event "BL2-Nord 0001"]
[Site "Germany"]
[Date "2001.02.18"]
[Round "6.2"]
[White "Csom, Istvan"]
[Black "Beckemeier, Werner"]
[Result "0-1"]
[WhiteElo "2478"]
[BlackElo "2393"]
[PlyCount "80"]
[EventDate "2000.10.15"]
[EventType "team-tourn"]
[EventRounds "9"]
[EventCountry "GER"]
[SourceTitle "CBM 082 Extra"]
[Source "ChessBase"]
[SourceDate "2001.07.03"]
[SourceVersion "1"]
[SourceVersionDate "2001.07.03"]
[SourceQuality "1"]
[WhiteTeam "Preetz"]
[BlackTeam "Delmenhorst"]
[WhiteTeamCountry "GER"]
[BlackTeamCountry "GER"]

1. c4 Nf6 2. Nf3 c6 3. b3 d5 4. Bb2 Bg4 5. e3 Nbd7 6. Be2 e6 7. h3 Bh5 8. d3 Qa5+ 9. Nbd2 Ba3 10. Qc1 Bxb2 11. Qxb2 Bxf3 12. gxf3 e5 13. cxd5 cxd5 14. d4 exd4 15. Qxd4 0-0 16. b4 Qb6 17. Nb3 Rfc8 18. Kd2 Qe6 19. Rac1 Rxc1 20. Rxc1 Qxh3 21. Rc7 Qh2 22. Qf4 Qxf2 23. Nd4 Nb6 24. Rxb7 Nc4+ 25. Kc2 Re8 26. Qc7 Rf8 27. Rb8 Nd7 28. Rxf8+ Nxf8 29. Qxa7 Nxe3+ 30. Kc3 Nf5 31. Qc5 Nxd4 32. Qxd4 Qxe2 33. Qxd5 h5 34. Qxh5 Qxa2 35. Qg4 Ne6 36. Qe4 Qa6 37. f4 Qc8+ 38. Kb3 Qd7 39. Ka3 Qa7+ 40. Kb3 g6 0-1

[Event "Bundesliga 9900"]
[Site "Germany"]
[Date "2000.02.19"]
[Round "10.6"]
[White "Goldberg, Alexander"]
[Black "Beckemeier, Werner"]
[Result "0-1"]
[WhiteElo "2398"]
[BlackElo "2374"]
[PlyCount "78"]
[EventDate "1999.10.09"]
[EventType "team-tourn"]
[EventRounds "15"]
[EventCountry "GER"]
[SourceTitle "CBM 074 Extra"]
[Source "ChessBase"]
[SourceDate "2000.03.10"]
[SourceVersion "2"]
[SourceVersionDate "2000.03.10"]
[SourceQuality "1"]
[WhiteTeam "Dresden"]
[BlackTeam "Delmenhorst"]
[WhiteTeamCountry "GER"]
[BlackTeamCountry "GER"]

1. e4 e5 2. Bc4 Nc6 3. Nc3 Nf6 4. d3 Bc5 5. Bg5 h6 6. Bh4 d6 7. Nge2 Be6 8. Bxe6 fxe6 9. Na4 g5 10. Bg3 Qe7 11. Nxc5 dxc5 12. c3 0-0-0 13. Qc2 Rd6 14. d4 cxd4 15. cxd4 Nxd4 16. Nxd4 Rxd4 17. 0-0 Qd6 18. f3 Nh5 19. Bf2 Rd2 20. Qa4 a6 21. g3 Nf6 22. Rac1 Rxb2 23. Rfd1 Qb4 24. Qxb4 Rxb4 25. Bc5 Rb5 26. a4 Rb3 27. Bd6 Rh7 28. Bxe5 Rxf3 29. Kg2 g4 30. Rd4 Rf7 31. h3 h5 32. Bf4 Ra3 33. Rdc4 Ra2+ 34. Kg1 c6 35. h4 Re2 36. Kf1 Rxe4 37. Rxe4 Nxe4 38. Ke2 Rf5 39. Ke3 Nxg3 0-1

[Event "Bundesliga 9900"]
[Site "Germany"]
[Date "2000.01.29"]
[Round "8.7"]
[White "Jackelen, Thomas"]
[Black "Beckemeier, Werner"]
[Result "1/2-1/2"]
[WhiteElo "2368"]
[BlackElo "2374"]
[PlyCount "115"]
[EventDate "1999.10.09"]
[EventType "team-tourn"]
[EventRounds "15"]
[EventCountry "GER"]
[SourceTitle "CBM 074 Extra"]
[Source "ChessBase"]
[SourceDate "2000.03.10"]
[SourceVersion "2"]
[SourceVersionDate "2000.03.10"]
[SourceQuality "1"]
[WhiteTeam "Godesberg"]
[BlackTeam "Delmenhorst"]
[WhiteTeamCountry "GER"]
[BlackTeamCountry "GER"]

1. Nf3 d5 2. c4 d4 3. g3 g6 4. Bg2 Bg7 5. d3 e5 6. 0-0 Ne7 7. b4 0-0 8. Nbd2 Re8 9. Nb3 c6 10. a4 Nd7 11. Ba3 Qc7 12. Nfd2 Rb8 13. Qc2 h5 14. Rfc1 Bh6 15. Rab1 h4 16. a5 b6 17. axb6 axb6 18. Re1 Nf6 19. Bc1 hxg3 20. hxg3 Kg7 21. Ne4 Nxe4 22. Bxh6+ Kxh6 23. Bxe4 Kg7 24. Ra1 Rh8 25. e3 dxe3 26. Rxe3 Nf5 27. Re2 c5 28. Qb2 cxb4 29. Bd5 f6 30. d4 e4 31. Rxe4 Nd6 32. Re3 Bb7 33. Ra7 Kf8 34. Bxb7 Rxb7 35. Ra8+ Kg7 36. Rxh8 Nxc4 37. Qe2 Nxe3 38. Re8 Nd5 39. Qe4 Qf7 40. Rd8 Nc3 41. Qh4 g5 42. Qh8+ Kg6 43. g4 Qxb3 44. Rg8+ Qxg8 45. Qxg8+ Rg7 46. Qc4 Rd7 47. Qg8+ Rg7 48. Qe6 Ra7 49. Qxb6 Rd7 50. Kf1 Nd5 51. Qb8 Kf7 52. Ke2 Nf4+ 53. Ke3 Ne6 54. Qxb4 Nxd4 55. Qxd4 Rxd4 56. Kxd4 Ke6 57. Ke4 Ke7 58. Kf5 1/2-1/2

[Event "Bundesliga 9899"]
[Site "Germany"]
[Date "1998.12.13"]
[Round "6.6"]
[White "Beckemeier, Werner"]
[Black "Ellers, Holger"]
[Result "1/2-1/2"]
[WhiteElo "2380"]
[BlackElo "2450"]
[PlyCount "35"]
[EventDate "1998.10.17"]
[EventType "team-tourn"]
[EventRounds "15"]
[EventCountry "GER"]
[SourceTitle "GER-chT"]
[Source "ChessBase"]
[SourceDate "1999.07.01"]
[SourceVersion "1"]
[SourceVersionDate "1999.07.01"]
[SourceQuality "1"]
[WhiteTeam "Delmenhorst"]
[BlackTeam "Bochum"]
[WhiteTeamCountry "GER"]
[BlackTeamCountry "GER"]

1. Nf3 e6 2. g3 Nf6 3. Bg2 d5 4. 0-0 Be7 5. c4 0-0 6. b3 a5 7. Qc2 a4 8. bxa4 Nbd7 9. cxd5 exd5 10. Nc3 c6 11. d3 Nc5 12. Ba3 Re8 13. Rab1 Qa5 14. Bb4 Qa7 15. a5 Ncd7 16. e4 dxe4 17. dxe4 Bxb4 18. Rxb4 1/2-1/2

[Event "Bundesliga 9899"]
[Site "Germany"]
[Date "1998.10.18"]
[Round "2.6"]
[White "Beckemeier, Werner"]
[Black "Michaelsen, Nils"]
[Result "1/2-1/2"]
[WhiteElo "2380"]
[BlackElo "2430"]
[PlyCount "57"]
[EventDate "1998.10.17"]
[EventType "team-tourn"]
[EventRounds "15"]
[EventCountry "GER"]
[SourceTitle "GER-chT"]
[Source "ChessBase"]
[SourceDate "1999.07.01"]
[SourceVersion "1"]
[SourceVersionDate "1999.07.01"]
[SourceQuality "1"]
[WhiteTeam "Delmenhorst"]
[BlackTeam "Hamburger SK"]
[WhiteTeamCountry "GER"]
[BlackTeamCountry "GER"]

1. d4 Nf6 2. Nf3 b6 3. Nc3 Bb7 4. Bg5 d5 5. Bxf6 exf6 6. e3 g6 7. Bd3 f5 8. h3 Nd7 9. g4 fxg4 10. hxg4 Bb4 11. Rh6 Qf6 12. g5 Qg7 13. Kd2 Nf6 14. Ne5 Ne4+ 15. Bxe4 dxe4 16. Qg4 Rd8 17. Ke2 Ba6+ 18. Ke1 f5 19. gxf6 Qxf6 20. Qh4 Qxh4 21. Rxh4 0-0 22. Rxe4 Rd6 23. Nd3 Bxd3 24. cxd3 Rdf6 25. f4 g5 26. Ke2 Bxc3 27. bxc3 gxf4 28. Rg1+ Kh8 29. exf4 1/2-1/2

[Event "Dortmund Sparkassen op"]
[Site "Dortmund"]
[Date "1998.??.??"]
[Round "?"]
[White "Seiler, Andreas"]
[Black "Beckemeier, Werner"]
[Result "0-1"]
[WhiteElo "2220"]
[BlackElo "2380"]
[PlyCount "62"]
[EventDate "1998.06.??"]
[EventType "swiss"]
[EventRounds "11"]
[EventCountry "GER"]
[SourceTitle "EXT 1999"]
[Source "ChessBase"]
[SourceDate "1998.11.16"]
[SourceVersion "1"]
[SourceVersionDate "1998.11.16"]
[SourceQuality "1"]

1. e4 e5 2. Nc3 Nc6 3. Bc4 Nf6 4. d3 Bc5 5. Bg5 h6 6. Bh4 d6 7. Nge2 Be6 8. Na4 Bxc4 9. Nxc5 dxc5 10. Bxf6 Qxf6 11. dxc4 Rd8 12. Qc1 Nd4 13. c3 Nxe2 14. Kxe2 Qe6 15. Ke3 Qxc4 16. Qf1 Qa4 17. b3 Qc6 18. Qe2 0-0 19. Rad1 Qg6 20. g3 Rde8 21. Qc4 Kh8 22. Qxc5 f5 23. f3 fxe4 24. fxe4 Qg5+ 25. Kd3 Qg4 26. Rde1 b6 27. Qxc7 Rd8+ 28. Kc2 Rf2+ 29. Kb1 Rdd2 30. Qb8+ Kh7 31. Qxe5 Qd7 0-1

[Event "Bundesliga 9697"]
[Site "Germany"]
[Date "1997.??.??"]
[Round "?.4"]
[White "Beckemeier, Werner"]
[Black "Bosch, Jeroen"]
[Result "1/2-1/2"]
[WhiteElo "2365"]
[BlackElo "2425"]
[PlyCount "33"]
[EventDate "1996.10.12"]
[EventType "team-tourn"]
[EventRounds "15"]
[EventCountry "GER"]
[SourceTitle "GER-chT"]
[Source "ChessBase"]
[SourceDate "1999.07.01"]
[SourceVersion "1"]
[SourceVersionDate "1999.07.01"]
[SourceQuality "1"]
[WhiteTeam "Delmenhorst"]
[BlackTeam "Bochum"]
[WhiteTeamCountry "GER"]
[BlackTeamCountry "GER"]

1. Nf3 d5 2. g3 c6 3. Bg2 Bg4 4. 0-0 Nd7 5. d3 e6 6. Nbd2 Bd6 7. e4 Ne7 8. h3 Bh5 9. Qe1 0-0 10. Nh2 Bc7 11. f4 f6 12. Ndf3 Bf7 13. Kh1 dxe4 14. dxe4 e5 15. f5 Bc4 16. Rf2 Bb6 17. Bf1 1/2-1/2

[Event "BL2-Nord 9798"]
[Site "Germany"]
[Date "1997.??.??"]
[Round "2.6"]
[White "Beckemeier, Werner"]
[Black "Meier, Volker"]
[Result "0-1"]
[WhiteElo "2365"]
[BlackElo "2285"]
[PlyCount "48"]
[EventDate "1997.10.??"]
[EventType "team-tourn"]
[EventRounds "9"]
[EventCountry "GER"]
[SourceTitle "EXT 1999"]
[Source "ChessBase"]
[SourceDate "1998.11.16"]
[SourceVersion "1"]
[SourceVersionDate "1998.11.16"]
[SourceQuality "1"]
[WhiteTeam "Delmenhorst"]
[BlackTeam "Hamburger SG BUE"]
[WhiteTeamCountry "GER"]
[BlackTeamCountry "GER"]

1. e4 c5 2. Nc3 Nc6 3. f4 g6 4. Nf3 Bg7 5. Bb5 Nd4 6. a4 e6 7. e5 a6 8. Bd3 d6 9. exd6 Qxd6 10. Nxd4 cxd4 11. Ne2 Ne7 12. 0-0 0-0 13. b3 Rd8 14. Ng3 b6 15. Qg4 f5 16. Qf3 Nd5 17. Ba3 Qd7 18. Rae1 Bb7 19. Qe2 Re8 20. Bc4 Kh8 21. Bb2 h5 22. Ba3 e5 23. fxe5 Rxe5 24. Qd3 Nf4 0-1